000
00312 a2200157 4500
001
163964
020
_a
040
_c
Magnum
100
_a
Colasanti, Marina
240
1
0
_a
A mao na massa
_l
por
245
1
0
_a
A mao na massa
362
0
_a
1899
440
1
_a
Salamandra
697
_a
IJ/ROMANCE
942
_c
BK
999
_c
163964
_d
163964